| 000 | 00422nam a2200157 4500 | ||
|---|---|---|---|
| 001 | 138341 | ||
| 003 | ES-MaACL | ||
| 005 | 20230906195540.0 | ||
| 007 | t| | ||
| 008 | 070214s1972 sp r ||||1| spa d | ||
| 100 | 1 |
_aSancho, José María. _9103028 |
|
| 245 | 1 | 0 |
_aChirlas _b: (haikais) / _cJosé Mª Sancho. |
| 260 |
_aBarcelona : _bAriel, _c1972. |
||
| 300 |
_a43 h. ; _c32 cm. |
||
| 852 |
_aES-MaACL _jC-43952 _bR.83874 |
||
| 999 |
_c138341 _d138341 |
||